| 000 | 00527nam a22001817a 4500 | ||
|---|---|---|---|
| 005 | 20251108171916.0 | ||
| 008 | 250721s1988 xx 000 0 ara d | ||
| 082 | 1 | 4 | _a615.882/مسا |
| 100 | 1 | _aالمساعيد، خلف سالم اللوييد | |
| 245 | 1 | 0 | _aالإستشفاء بالغذاء / |
| 264 | 1 |
_aعمان : _bمكتبةالرائد العلمية، _c1988. |
|
| 300 | _a162ص | ||
| 650 | 1 | 7 | _aالطب الشعبي |
| 650 | 1 | 7 | _aالغذاء |
| 650 | 1 | 7 | _aالعلاج |
| 942 |
_2ddc _cBK |
||
| 999 |
_c65711 _d65711 |
||